योग और शरीर रचना / (Record no. 119921)
[ view plain ]
| 000 -LEADER | |
|---|---|
| fixed length control field | 01002nam a22002537a 4500 |
| 005 - DATE AND TIME OF LATEST TRANSACTION | |
| control field | 20170124103150.0 |
| 010 ## - LIBRARY OF CONGRESS CONTROL NUMBER | |
| LC control number | B-091683 |
| 020 ## - INTERNATIONAL STANDARD BOOK NUMBER | |
| Terms of availability | 150.00 |
| International Standard Book Number | 8178791463 |
| 035 ## - SYSTEM CONTROL NUMBER | |
| System control number | B-091683 |
| 037 ## - SOURCE OF ACQUISITION | |
| Source of stock number/acquisition | Cen Lib/Ret |
| 040 ## - CATALOGING SOURCE | |
| Original cataloging agency | DPL |
| Language of cataloging | HN |
| 082 ## - DEWEY DECIMAL CLASSIFICATION NUMBER | |
| Classification number | 613.7046 |
| Item number | सपरा |
| 100 ## - MAIN ENTRY--PERSONAL NAME | |
| Personal name | सपरा, चारू |
| 9 (RLIN) | 87637 |
| 245 ## - TITLE STATEMENT | |
| Title | योग और शरीर रचना / |
| Statement of responsibility, etc | चारू सपरा |
| 246 ## - VARYING FORM OF TITLE | |
| Title proper/short title | Yog aur sharir rachna |
| Remainder of title | by Charu Sapra |
| 260 ## - PUBLICATION, DISTRIBUTION, ETC. (IMPRINT) | |
| Place of publication, distribution, etc | नई दिल्ली |
| Name of publisher, distributor, etc | स्पोर्ट्स पब्लिकेशन |
| Date of publication, distribution, etc | 2004 |
| 270 ## - ADDRESS | |
| Address | 4264/3, अंसारी रोड दरिया गंज |
| City | नई दिल्ली |
| Postal code | 110002 |
| 300 ## - PHYSICAL DESCRIPTION | |
| Extent | 96पृष्ठ. |
| Dimensions | 20सेमी(सजिल्द) |
| 650 ## - SUBJECT ADDED ENTRY--TOPICAL TERM | |
| Topical term or geographic name as entry element | योग शास्त्र |
| 9 (RLIN) | 4735 |
| 650 ## - SUBJECT ADDED ENTRY--TOPICAL TERM | |
| Topical term or geographic name as entry element | योग और मन |
| 9 (RLIN) | 79936 |
| 650 ## - SUBJECT ADDED ENTRY--TOPICAL TERM | |
| Topical term or geographic name as entry element | Yoga scripture |
| 9 (RLIN) | 87638 |
| 650 ## - SUBJECT ADDED ENTRY--TOPICAL TERM | |
| Topical term or geographic name as entry element | Yoga and Mind |
| 9 (RLIN) | 87639 |
| 942 ## - ADDED ENTRY ELEMENTS (KOHA) | |
| Source of classification or shelving scheme | Dewey Decimal Classification |
| Koha item type | Hindi Books |
| Classification part | 613.7046 |
| Call number suffix | सपरा |
| Withdrawn status | Lost status | Damaged status | Not for loan | Home library | Current library | Date acquired | Source of acquisition | Cost, normal purchase price | Total Checkouts | Total Renewals | Full call number | Barcode | Date last seen | Date checked out | Copy number | Cost, replacement price | Price effective from | Koha item type |
|---|---|---|---|---|---|---|---|---|---|---|---|---|---|---|---|---|---|---|
| Central Library | Central Library | 19/09/2015 | Cen Lib/Ret | 150.00 | 5 | 3 | 613.7046 सपरा | B-091683 | 16/07/2024 | 06/07/2024 | 1 | 150.00 | 19/09/2015 | Hindi Books |
